Agricultural development in the Third World / (Record no. 14976)
[ view plain ]
| 000 -LEADER | |
|---|---|
| fixed length control field | 00480cam a2200181 a 4500 |
| 020 ## - INTERNATIONAL STANDARD BOOK NUMBER | |
| ISBN | 0801830141 |
| 020 ## - INTERNATIONAL STANDARD BOOK NUMBER | |
| ISBN | 080183015X (pbk.) |
| 040 ## - CATALOGING SOURCE | |
| Transcribing agency | DLC |
| 082 00 - DEWEY DECIMAL CLASSIFICATION NUMBER | |
| Classification number | 338 JOH 1984 A068 Or. |
| 245 00 - TITLE STATEMENT | |
| Title | Agricultural development in the Third World / |
| 260 ## - PUBLICATION, DISTRIBUTION, ETC. (IMPRINT) | |
| Place of publication | Baltimore : |
| Name of publisher | Johns Hopkins University Press, |
| Year of publication | c1984. |
| 300 ## - PHYSICAL DESCRIPTION | |
| Number of Pages | x, 491 p. ; |
| Dimensions | 24 cm. |
| 650 #0 - SUBJECT ADDED ENTRY--TOPICAL TERM | |
| Topical Term | Agriculture |
| 650 #0 - SUBJECT ADDED ENTRY--TOPICAL TERM | |
| Topical Term | Agriculture |
| 700 1# - ADDED ENTRY--PERSONAL NAME | |
| Personal name | Eicher, Carl K. |
| 700 1# - ADDED ENTRY--PERSONAL NAME | |
| Personal name | Staatz, John M. |
| 942 ## - ADDED ENTRY ELEMENTS (KOHA) | |
| Koha item type | សៀវភៅភាសាអង់គ្លេស |
| 952 ## - LOCATION AND ITEM INFORMATION (KOHA) | |
| Withdrawn status [LOCAL, KOHA] | 0 |
| Permanent Location | Date acquired | Koha item type | Lost status | Shelving location | Barcode | Current Location | Full call number |
|---|---|---|---|---|---|---|---|
| Library Block A | 2017-11-01 | សៀវភៅភាសាអង់គ្លេស | A068 | A20604 | Library Block A | 338 JOH 1984 A068 Or. |